Catalogue des terres cuites grecques et romaines /
Main Author:
Format: Book
Language: French
Published:
Copenhague :
[En commission chez E. Munksgaard],
1949.
Series:
Ny Carlsberg glyptotek. Publications ;
2.
NCGP ;
2.
Subjects:
Tags: Add Tag
Call Number: DT59 .C75 v.2
| LEADER | 00901namaa2200277 4500 | ||
|---|---|---|---|
| 001 | 3830 | ||
| 003 | OSt | ||
| 005 | 20260517061747.0 | ||
| 008 | 130303s1949 dk a c 000 0 fre d | ||
| 010 | |a 52030032 | ||
| 035 | |a ocm06342286 | ||
| 040 | |c ARCE Library | ||
| 043 | |a e-dk--- | ||
| 050 | 4 | |a DT59 .C75 v.2 | |
| 100 | 1 | |a Poulsen, Vagn, |d 1909-1970, |e author | |
| 245 | 1 | 0 | |a Catalogue des terres cuites grecques et romaines / |c [Traduction du manuscrit danois par France Gleizal]. |
| 264 | 1 | |a Copenhague : |b [En commission chez E. Munksgaard], |c 1949. | |
| 300 | |a 60 pages : |b illustrations ; |c 24 cm. | ||
| 490 | 0 | |a Ny Carlsberg glyptotek. Publications ; |v 2. | |
| 490 | 0 | |a NCGP ; |v 2. | |
| 650 | 0 | |a Terra-cotta sculpture |z Denmark |z Copenhagen |v Catalogs. | |
| 650 | 0 | |a Terra-cotta sculpture, Greek. | |
| 650 | 0 | |a Terra-cotta sculpture, Roman. | |
| 901 | |a reviewed | ||
| 942 | |c BK |2 lcc | ||
| 999 | |c 3089 |d 3089 | ||
